| 000 | 01417nam a2200349 c 4500 | ||
|---|---|---|---|
| 003 | BLK | ||
| 005 | 20180422103545.0 | ||
| 008 | 180408b bul|||||r ||||||| ||bul|| | ||
| 010 | _aKNG00080478000 | ||
| 020 |
_a954-91854-7-8 _bиздат.: Ахат |
||
| 040 | _aBLK | ||
| 041 |
_aBUL _cBUL |
||
| 080 |
_aДемокрация _b321.7 _x(497.2)(08) _z321.7(497.2)(08) |
||
| 080 |
_aСоциално поведение. Социална психология _b316.6 _x(=867)(08) _z316.6(=867)(08) |
||
| 100 | 1 |
_aИванов, Петър Иванов _eпърви автор _9370569 |
|
| 139 |
_aИванов, Петър Иванов _bИ 21 |
||
| 245 | 1 | 0 |
_aПодир слепите пастири _bЗловещи истини за посткомунизма в България _cПетър Иванов Иванов. |
| 257 | _aBGR | ||
| 260 |
_аРусе _bАхат _c2007 _fВ. Търново : Абагар |
||
| 300 |
_a256 с. _bс табл., сх. _c21 см |
||
| 380 | _a3 | ||
| 500 | _aОфс. изд. | ||
| 650 | 4 |
_aПреход от тоталитаризъм към демокрация - България _9245662 |
|
| 651 | 4 |
_aБългария _9241624 |
|
| 653 | _aпосткомунизъм | ||
| 653 | _aпреходно общество | ||
| 852 | _aЦб 237717 | ||
| 856 | 4 |
_qpdf _u |
|
| 856 | 4 |
_qpdf _u |
|
| 942 |
_cKNG _n0 |
||
| 944 |
_aCR _c17.01.2008 _lф / _kЛюдмила_Стоянова |
||
| 944 |
_aED _c25.10.2011 _lф / _k |
||
| 999 |
_c76052 _d76052 |
||